00357nam a2200145Ia 4500003000400000008004100004040001600045082001300061245002300074260004200097300001000139490002500149650001500174650002200189GCL140319s9999 xx 000 0 eng d aGCL / cGCL04a843bB C10aLE COLONEL CHABERT a[S.N] : bLE LIVRE DE POCHE ، c1995 a188 P aLE LIVRE DE POCHEv004aLITERATURE04aFRENCH LITERATURE